1228 1635 1995 1537 1412 1156 1146 1743 1141 1357 1744 1260 1870 1314 1198 1265 1305 1550 1676 1596 1552 1117 1218 1875 1733 1249 1479 1703 1225 1840 1980 1852 1005 1584 1487 1770 1933 1738 1748 1511 1846 1958 1269 1673 1677 1919 1618 1941 1170 1305 1706 1697 1963 1791 1048 1190 1061 1217 1808 1825 1403 1141 1512 1645 1608 1341 1024 1952 1473 1697 1043 1415 1034 1435 1523 1327 1002 1947 1551 1198 1541 1471 1577 1552 1165 1572 1136 1314 1620 1013 1009 1069 1810 1527 1608 1519 1263 1714 1413 BCNSPRNW ULIB Ver.6.0+V

เปลี่ยนเป็นภาษาไทย

Change to English
 แสดงรายละเอียดบรรณานุกรม
  กลับหน้าหลัก

Brief Record : Get Marc (ISO 2709) : E-mail record : QR code < ปิดหน้าต่าง
LEADER : 00000nam 2200000uu 4500
001    13399113573
003     ULIB
008    020711s2549 th a 000 0 tha d
020    ^a97897438967
090    ^aนว.ช229ก 2549
100    ^aชลลดา ชะบางบอน
245    ^aแก้วหน้าม้า (ฉบับการ์ตูน)/^cชลลดา ชะบางบอน
250    ^aพิมพ์ครั้งที่ 1
260    ^aปทุมธานี :^bสกายบุคส์,^c2549
300    ^a178 หน้า
945    ^p0^l0^i018634
995    ทศพร
999 ^a ทศพร
รายการนี้ยังไม่มีแท็ก
คุณยังไม่ได้ล็อกอิน คุณสามารถมีกิจกรรมร่วมกับเว็บไซต์ได้ แต่ต้องล็อกอินก่อน ::
  ล็อกอิน

รายการสื่อสารสนเทศ

ลำดับที่ ประเภท เลขเรียก/บาร์โค้ด สถานที่ สถานะ
1. นวนิยาย
นวนิยาย
นว.ช229ก 2549 ฉ.1 
  Barcode: 018634
ห้องสมุดวิทยาเขตสวรรค์ประชารักษ์
►นวนิยาย
บนชั้น
  ขอยืม

BibComment


ยังไม่เคยถูกคอมเมนท์

คอมเมนท์ทรัพยากรรายการนี้
  คอมเมนท์: แก้วหน้าม้า ฉบับ..


 Copyright 2026. Bcnsprnw @Library